South Eastern Kenya University

Library Online Public Access Catalogue


Calculus / (Record no. 10211)

MARC details
000 -LEADER
fixed length control field 00640pam a2200229 a 4500
001 - CONTROL NUMBER
control field 4833745
003 - CONTROL NUMBER IDENTIFIER
control field OSt
005 - DATE AND TIME OF LATEST TRANSACTION
control field 20160202153048.0
008 - FIXED-LENGTH DATA ELEMENTS--GENERAL INFORMATION
fixed length control field 901001s1991 caua b 001 0 eng
010 ## - LIBRARY OF CONGRESS CONTROL NUMBER
LC control number 90020282
020 ## - INTERNATIONAL STANDARD BOOK NUMBER
International Standard Book Number 053413212X
040 ## - CATALOGING SOURCE
Original cataloging agency SEKU
050 00 - LIBRARY OF CONGRESS CALL NUMBER
Classification number QA 303
Item number .S8 1991
100 1# - MAIN ENTRY--PERSONAL NAME
Personal name Stewart, James,
Dates associated with a name 1941-
245 10 - TITLE STATEMENT
Title Calculus /
Statement of responsibility, etc. James Stewart.
250 ## - EDITION STATEMENT
Edition statement 2nd ed.
260 ## - PUBLICATION, DISTRIBUTION, ETC. (IMPRINT)
Place of publication, distribution, etc. Pacific Grove, Calif. :
Name of publisher, distributor, etc. Brooks/Cole Pub. Co.,
Date of publication, distribution, etc. c1991.
300 ## - PHYSICAL DESCRIPTION
Extent xviii, 974, A112 p. :
Other physical details ill. (some col.) ;
Dimensions 26 cm.
504 ## - BIBLIOGRAPHY, ETC. NOTE
Bibliography, etc Includes bibliographical references and index.
650 #0 - SUBJECT ADDED ENTRY--TOPICAL TERM
Topical term or geographic name as entry element Calculus.
942 ## - ADDED ENTRY ELEMENTS (KOHA)
Source of classification or shelving scheme Library of Congress Classification
Koha item type General circulation
Holdings
Withdrawn status Lost status Source of classification or shelving scheme Damaged status Not for loan Home library Current library Shelving location Date acquired Source of acquisition Full call number Barcode Date last seen Price effective from Koha item type Public note
    Library of Congress Classification     SEHSS - Library SEHSS - Library General Stacks 02/02/2016 Donation-books for Africa [EHS] QA 303 .S8 1991 2016/013621 16/12/2025 02/02/2016 General circulation A.K.
    Library of Congress Classification     SEHSS - Library SEHSS - Library General Stacks 25/02/2016 Donation-books for Africa [EHS] QA 303 .S8 1991 2016/013827 25/02/2016 25/02/2016 General circulation A.K.
Kitui, Kenya.
+254736116989
library@seku.ac.ke